000 00510cam a22001217a 4500
008 180718b1968 xxu||||| |||| 00| 0 eng d
082 _aA72x42 Un3
245 _aCareers guide: opportunities in the professions, industry and commerce
_cby Ministry Of Labour, Central Youth Employement Executive
260 _aLondon
_bHer Majesty's Sattionery Office
_c1968
300 _av.p.
650 _aVocational guidance --Great Britain --Periodicals.
700 _aU.K. Central Youth Employement Executive. Ministry Of Labour
999 _c413875
_d413875